[Event "Match"]
[Site "www.echecsemail.com"]
[Date "2018.11.04"]
[Round "1"]
[White "Apdash"]
[Black "Cal"]
[WhiteElo "2310"]
[BlackElo "1740"]
[Result "1-0"]
[Round "1"]
1.e4 e5
2.Ng1f3 d6
3.d4 exd4
4.Nf3xd4 h6
5.Bf1c4 Bc8d7
6.O-O c5
7.Qd1f3 a6
8.Qf3xf7 { resign }
1-0

[Event "Tourn. n9952"]
[Site "www.echecsemail.com"]
[Date "2018.11.04"]
[Round "1"]
[White "Picifarkinca"]
[Black "Jjmcbride"]
[WhiteElo "1480"]
[BlackElo "1550"]
[Result "1-0"]
[Round "1"]
1.d4 g6
2.g3 e6
3.Bf1g2 c5
4.Ng1f3 c4
5.e4 f6
6.O-O h6
7.Qd1e2 Qd8c7
8.Bc1f4 d6
9.Nb1a3 g5
10.Bf4e3 a6
11.Qe2xc4 Qc7d7
12.c3 d5
13.exd5 b5
14.dxe6 Qd7xe6
15.Qc4xe6 Bc8xe6
16.Na3c2 Bf8d6
17.Nf3xg5 Ra8a7
18.Ng5xe6 f5
19.d5 Ra7f7
20.a4 Ng8e7
21.axb5 axb5
22.Nc2d4  { time }
1-0

[Event "Tourn. n9985"]
[Site "www.echecsemail.com"]
[Date "2018.11.04"]
[Round "1"]
[White "Bojan"]
[Black "Mitja"]
[WhiteElo "2020"]
[BlackElo "1920"]
[Result "1-0"]
[Round "1"]
1.e4 d5
2.e5 e6
3.d4 c5
4.c3 c4
5.b3 cxb3
6.axb3 b6
7.Bf1d3 h6
8.Qd1g4 Bc8b7
9.Bc1a3 Ng8e7
10.Ng1h3 Qd8c7
11.Nh3f4 a5
12.Nf4h5 g6
13.Nh5f6 Kd8
14.Qg4e2 Bf8g7
15.Ba3d6 Qc7c8
16.Nf6g4 h5
17.Ng4e3 Ne7f5
18.Ne3xf5 gxf5
19.f4 Bg7f8
20.Bd6xf8 Rh8xf8
21.Qe2xh5 Bb7a6
22.Bd3xa6 Nb8xa6
23.O-O Kd7
24.Rf1f3 Qc8c7
25.Nb1a3 Kc6
26.Ra1c1 Qc7e7
27.Rc1a1 Rf8h8
28.Qh5g5 Qe7d7
29.Qg5g3 Ra8g8
30.Qg3f2 Kb7
31.Qf2e2 Rg8g4
32.h3 Rg4h4
33.Na3b5 Na6c7
34.Nb5d6 Kb8
35.c4 Nc7e8
36.c5 Ne8xd6
37.cxd6 Kb7
38.Ra1c1 Rh8c8
39.Rf3c3 Rh4h8
40.Rc3c7 { resign }
1-0

[Event "Tourn. n9954"]
[Site "www.echecsemail.com"]
[Date "2018.11.04"]
[Round "1"]
[White "Kuriero"]
[Black "Jesmantiz"]
[WhiteElo "2250"]
[BlackElo "2260"]
[Result "1-0"]
[Round "1"]
1.d4 f5
2.Bc1g5 d6
3.Nb1c3 g6
4.e4 Bf8g7
5.Ng1f3 Ng8f6
6.Bf1d3 O-O
7.exf5 Bc8xf5
8.Bd3xf5 gxf5
9.Qd1d2 Nb8d7
10.O-O c6
11.Rf1e1 Nd7b6
12.Qd2e2 Rf8f7
13.Ra1d1 Qd8d7
14.Bg5c1 h6
15.Nf3h4 Ra8e8
16.Qe2f3 e6
17.Qf3g3 Nb6d5
18.Nc3xd5  { time }
1-0

[Event "Tourn. n9975"]
[Site "www.echecsemail.com"]
[Date "2018.11.04"]
[Round "1"]
[White "Fantomas"]
[Black "Luban"]
[WhiteElo "2140"]
[BlackElo "2050"]
[Result "0-1"]
[Round "1"]
1.e4 c6
2.d4 d5
3.Bf1d3 dxe4
4.Bd3xe4 Ng8f6
5.Be4f3 e6
6.Ng1e2 Bf8e7
7.O-O O-O
8.Bc1f4 b6
9.Nb1d2 Bc8b7
10.Nd2e4 Nb8a6
11.Ne2g3 Na6c7
12.c4 Ra8c8
13.a3 Nf6xe4
14.Ng3xe4 Be7f6
15.Ne4xf6 Qd8xf6
16.Bf4e3 Rf8d8
17.Qd1c1 h6
18.Rf1d1 e5
19.Qc1c3 exd4
20.Be3xd4 Qf6g6
21.Bd4e5 Nc7e6
22.h3 f6
23.Bf3g4 Qg6f7
24.Be5g3 c5
25.Rd1e1 Rd8e8
26.Bg4f5 Rc8d8
27.Bf5d3 Ne6d4
28.Re1xe8 Rd8xe8
29.Ra1e1 Re8xe1
30.Qc3xe1 Kh8
31.f3 Bb7xf3
32.Qe1f2 Bf3c6
33.Bg3f4 Qf7h5
34.Qf2e1 Bc6xg2
35.Qe1e3 Bg2xh3
36.Qe3e4 f5
{ resign }
0-1

[Event "Match"]
[Site "www.echecsemail.com"]
[Date "2018.11.04"]
[Round "1"]
[White "Bojan"]
[Black "Mitja"]
[WhiteElo "2020"]
[BlackElo "1920"]
[Result "1-0"]
[Round "1"]
1.d4 d5
2.c4 dxc4
3.Nb1c3 e6
4.e4 c6
5.Bf1xc4 b5
6.Bc4e2 Ng8f6
7.Bc1g5 Bf8e7
8.f3 Bc8b7
9.Bg5e3 h6
10.a3 a6
11.Ng1h3 a5
12.e5 Nf6d5
13.Be3f2 Nd5xc3
14.bxc3 a4
15.Be2d3 Nb8d7
16.f4 Nd7b6
17.f5 exf5
18.Bd3xf5 Nb6c4
19.O-O Nc4xa3
20.e6 O-O
21.Bf2e3 Na3c4
22.Be3c1 Qd8d5
23.exf7 Rf8xf7
24.Qd1d3 Ra8f8
25.Bf5h7 Kh8
26.Rf1xf7 Rf8xf7
27.Nh3f4 Qd5d6
28.g3 Qd6f6
29.Ra1a2 Be7d6
30.Nf4h5 Qf6f3
31.Bh7g6 Rf7f8
32.Nh5f4 Qf3xd3
33.Bg6xd3 Rf8e8
34.Kf2 Re8f8
35.Kg2 c5
36.Kh3 Bb7c8
37.Kg2 cxd4
38.Nf4g6 Kg8
39.Ng6xf8 { resign }
1-0

[Event "Tourn. n9974"]
[Site "www.echecsemail.com"]
[Date "2018.11.04"]
[Round "1"]
[White "Bojan"]
[Black "Iko"]
[WhiteElo "1990"]
[BlackElo "1830"]
[Result "1-0"]
[Round "1"]
1.e4 e5
2.Bf1c4 Ng8f6
3.d3 Bf8d6
4.Nb1c3 Bd6b4
5.Bc1d2 O-O
6.Qd1f3 Bb4xc3
7.Bd2xc3 a6
8.Bc3xe5 d6
9.Be5xf6 gxf6
10.Ng1e2 b5
11.Bc4b3 a5
12.c3 Rf8e8
13.O-O a4
14.Bb3c2 Re8e5
15.Ne2f4 Ra8a6
16.Nf4d5 c6
17.Nd5xf6 Kg7
18.d4 Re5e6
19.Nf6h5 Kh6
20.g4 Qd8g5
21.h3 a3
22.b3 Qg5d2
23.Qf3xf7 Re6g6
24.Nh5f6 Qd2xc2
25.f4 Qc2xc3
26.Qf7xh7 
1-0

[Event "Match"]
[Site "www.echecsemail.com"]
[Date "2018.11.04"]
[Round "1"]
[White "Mitja"]
[Black "Ssharp"]
[WhiteElo "1920"]
[BlackElo "2280"]
[Result "0-1"]
[Round "1"]
1.d4 e6
2.e3 d5
3.c3 Ng8f6
4.Ng1f3 c5
5.dxc5 Bf8xc5
6.b3 O-O
7.Bc1b2 Nb8c6
8.Nb1d2 a6
9.Nf3d4 Nc6xd4
10.cxd4 Bc5b4
11.Bf1e2 Nf6e4
12.Bb2c1 Qd8a5
13.O-O Ne4xd2
{ resign }
0-1

[Event "Tourn. n9958"]
[Site "www.echecsemail.com"]
[Date "2018.11.04"]
[Round "1"]
[White "Mitja"]
[Black "Coolant"]
[WhiteElo "2010"]
[BlackElo "2290"]
[Result "0-1"]
[Round "1"]
1.d4 Ng8f6
2.e3 b6
3.c3 Bc8b7
4.Ng1f3 e6
5.b3 c5
6.dxc5 Bf8xc5
7.Bc1b2 Nb8c6
8.Bf1e2 O-O
9.h3 Qd8c7
10.O-O Nc6e5
11.c4 Bc5d6
12.Nf3xe5 Bd6xe5
13.Bb2xe5 Qc7xe5
14.Nb1d2 Rf8d8
15.Nd2f3 Qe5c5
16.Qd1d4 Qc5e7
17.Ra1d1 d5
18.cxd5 Bb7xd5
19.Qd4b2 Ra8c8
20.Rd1c1 Qe7b7
21.Rc1xc8 Rd8xc8
22.Rf1c1 Rc8c5
23.Rc1xc5 bxc5
24.Qb2c3 Nf6e4
25.Qc3c2 Qb7b4
26.Nf3e5 Qb4c3
27.Qc2xc3 Ne4xc3
28.Be2c4 Nc3xa2
29.Bc4xd5 exd5
30.Ne5c6 c4
31.bxc4 dxc4
32.Nc6d4 Kf8
33.Kf1 Ke7
34.Ke2 Na2c3
35.Kd2 Nc3e4
36.Ke2 a6
37.f3 Ne4d6
38.Kd2 Nd6b5
39.Kc2 Nb5xd4
40.exd4 Kd6
41.Kc3 Kd5
{ resign }
0-1

[Event "Tourn. n9960"]
[Site "www.echecsemail.com"]
[Date "2018.11.04"]
[Round "1"]
[White "Picifarkinca"]
[Black "Jjmcbride"]
[WhiteElo "1510"]
[BlackElo "1530"]
[Result "1-0"]
[Round "1"]
1.d4 c5
2.Ng1f3 c4
3.e3 b5
4.a4 Qd8a5
5.Bc1d2 b4
6.Bf1xc4 e6
7.O-O d5
8.Bc4b5 Bc8d7
9.Bb5xd7 Nb8xd7
10.Qd1e2 Bf8d6
11.Qe2b5 Qa5c7
12.Bd2xb4 Bd6xb4
13.Qb5xb4 Ra8b8
14.Qb4c3 Qc7d8
15.b4 Rb8c8
16.Qc3b2  { time }
1-0

[Event "Tourn. n9952"]
[Site "www.echecsemail.com"]
[Date "2018.11.04"]
[Round "1"]
[White "Jjmcbride"]
[Black "Hansen"]
[WhiteElo "1550"]
[BlackElo "1640"]
[Result "0-1"]
[Round "1"]
1.e4 d5
2.e5 e6
3.a3 c6
4.d4 h6
5.b4 Ng8e7
6.g4 Ne7g6
7.Ng1f3 b6
8.b5 c5
9.dxc5 Bf8xc5
10.c4 Qd8d7
11.Qd1c2 d4
12.Bf1d3 Ng6e7
13.Nb1d2 f5
14.h3 Bc8b7
15.Rh1g1 Ne7g6
16.gxf5 exf5
17.Bd3xf5 Qd7e7
18.Bf5xg6 Kd8
19.Bg6e4 Bb7xe4
20.Qc2xe4 Kc8
21.Qe4xa8 d3
22.Bc1b2 Rh8f8
23.Nd2b3 Rf8d8
24.Nb3xc5 d2
25.Nf3xd2 Qe7xc5
 { time }
0-1

[Event "Match"]
[Site "www.echecsemail.com"]
[Date "2018.11.04"]
[Round "1"]
[White "Apdash"]
[Black "Karlgrocer"]
[WhiteElo "2240"]
[BlackElo "1940"]
[Result "1-0"]
[Round "1"]
1.e4 c5
2.Ng1f3 d6
3.d4 cxd4
4.Nf3xd4 Ng8f6
5.Nb1c3 g6
6.Bf1c4 Bf8g7
7.Bc1g5 O-O
8.O-O a6
9.Kh1 Nb8d7
10.f4 Nd7c5
11.Rf1e1 b5
12.Bc4d5 Nf6xd5
13.Nc3xd5 Bg7xd4
14.Qd1xd4 f6
15.Bg5h6 Rf8f7
16.Ra1d1 Bc8e6
17.e5 dxe5
18.Nd5xf6 { resign }
1-0

[Event "Match"]
[Site "www.echecsemail.com"]
[Date "2018.11.04"]
[Round "1"]
[White "Mitja"]
[Black "Bojan"]
[WhiteElo "1920"]
[BlackElo "2020"]
[Result "1-0"]
[Round "1"]
1.d4 d5
2.e3 a6
3.c3 Nb8c6
4.b3 e5
5.dxe5 Bc8e6
6.Bc1b2 Nc6xe5
7.c4 Ne5c6
8.cxd5 Be6xd5
9.Ng1f3 Ng8f6
10.Nb1d2 Bf8b4
11.Bf1e2 Qd8d6
12.O-O O-O-O
13.a3 Bb4a5
14.b4 Ba5b6
15.b5 axb5
16.Be2xb5 Qd6c5
17.Bb5e2 Nc6a5
18.Ra1c1 Qc5e7
19.Qd1a4 Rd8d6
20.Rf1d1 Rh8d8
21.Bb2c3 Na5c6
22.Qa4a8 Kd7
23.Qa8a4 Ke8
24.Nd2c4 Bd5xc4
25.Be2xc4 h6
26.Rd1xd6 Rd8xd6
27.Bc4b5 Bb6xe3
28.Bb5xc6 bxc6
29.Rc1e1 Kd7
30.Re1xe3 Qe7f8
31.Nf3e5 Kd8
32.Qa4a8 Ke7
33.Ne5g6 { resign }
1-0

[Event "Tourn. n9935"]
[Site "www.echecsemail.com"]
[Date "2018.11.04"]
[Round "1"]
[White "Hansen"]
[Black "Traub"]
[WhiteElo "1580"]
[BlackElo "1590"]
[Result "0-1"]
[Round "1"]
1.e4 e6
2.Ng1f3 d5
3.d3 c5
4.d4 Nb8c6
5.Bf1b5 Bc8d7
6.Bc1e3 b6
7.exd5 exd5
8.dxc5 Bf8xc5
9.Qd1xd5 Ng8e7
10.Qd5g5 Ne7g6
11.O-O Bc5e7
12.Qg5d5 Nc6b4
13.Qd5c4 Ra8c8
14.Qc4e2 Nb4xc2
15.Bb5d3 Nc2xa1
16.Nb1d2 Na1c2
17.Nd2e4 Nc2xe3
18.fxe3 O-O
19.g3 Bd7h3
20.Rf1d1 Qd8c7
21.Ne4f2 Bh3d7
22.Nf3d4 Be7c5
23.Nd4f3 Ng6e5
24.Rd1c1 Ne5xd3
25.Qe2xd3 g6
26.b4 Bd7f5
27.Qd3e2 Bf5g4
28.bxc5 Qc7c6
29.Nf2d3 Bg4xf3
30.Qe2f2 Qc6e4
31.Nd3f4 Rc8xc5
32.Rc1e1 Rc5c2
33.Qf2f1 g5
34.Nf4d3 Rc2g2
35.Kh1 Rg2xg3
{ resign }
0-1

[Event "Tourn. n9971"]
[Site "www.echecsemail.com"]
[Date "2018.11.05"]
[Round "1"]
[White "Scasan55"]
[Black "Bojan"]
[WhiteElo "1950"]
[BlackElo "1920"]
[Result "1-0"]
[Round "1"]
1.e4 e5
2.Ng1f3 Nb8c6
3.Bf1c4 h6
4.d3 Bf8d6
5.Nb1c3 Nc6a5
6.Bc4b5 a6
7.a3 axb5
8.Nc3xb5 Qd8e7
9.O-O Bd6c5
10.Nb5xc7 Kd8
11.Nc7xa8 Na5c6
12.b4 Bc5a7
13.Bc1e3 Ba7xe3
14.fxe3 Ng8f6
15.Na8b6 Nf6g4
16.Qd1e2 d6
17.Nb6xc8 Kxc8
18.c4 Ng4f6
19.Qe2d2 b6
20.a4 Kb7
21.a5 Qe7c7
22.axb6 Qc7xb6
23.b5 Nc6b8
24.Ra1a2 Nb8d7
25.Rf1a1 Kc8
26.Ra2a8 Nd7b8
27.h3 Kd7
28.Kf2 Ke6
29.Qd2c2 g5
30.d4 Nf6d7
31.dxe5 dxe5
32.Ra1d1 Rh8h7
33.Qc2c3 f6
34.Qc3d3 Rh7g7
35.Qd3a3 Nd7c5
36.Ra8xb8 Nc5xe4
37.Ke2 Qb6xb8
38.Qa3a6 Kf5
39.g4 Kg6
40.Rd1d3 Kh7
41.Qa6e6 Kh8
42.Rd3a3 Rg7g8
43.Qe6f7 Rg8g7
44.Qf7d5 Rg7a7
45.Ra3d3 Ra7a2
46.Nf3d2 Ne4g3
47.Kf3 Kg7
48.Kxg3 e4
49.Qd5d6 Qb8xd6
50.Rd3xd6 Ra2a3
51.Kf2 Kf7
52.Nd2xe4 { resign }
1-0

[Event "Match"]
[Site "www.echecsemail.com"]
[Date "2018.11.05"]
[Round "1"]
[White "Ssharp"]
[Black "Bojan"]
[WhiteElo "2270"]
[BlackElo "1990"]
[Result "1-0"]
[Round "1"]
1.e4 e5
2.f4 exf4
3.Bf1c4 Qd8h4
4.Kf1 Bf8c5
5.d4 Bc5b6
6.Ng1f3 Qh4f6
7.Nb1c3 c6
8.e5 Qf6d8
9.Bc1xf4 f6
10.Bc4xg8 Rh8xg8
11.Qd1e2 Kf8
12.Ra1e1 f5
13.Nf3g5 h6
14.Ng5h7 Ke8
15.Qe2h5 Ke7
16.Nc3e2 Qd8e8
17.Qh5xf5 Qe8f7
18.Qf5e4 Kd8
19.Kg1 Rg8e8
20.Re1f1 Qf7g8
21.b3 d6
22.Bf4e3 dxe5
23.Qe4h4 Kc7
24.Rf1f8 Re8xf8
25.Qh4e7 Nb8d7
26.Nh7xf8 Qg8xf8
27.Qe7h4 g5
28.Qh4g3 Qf8f5
29.h3 Kd8
30.Qg3f2 Qf5xc2
31.Kh2 Qc2xa2
32.dxe5 Qa2xb3
33.Ne2d4 Qb3g8
34.e6 Nd7f8
35.Rh1d1 Bb6xd4
36.Be3xd4 Ke8
37.e7 Nf8e6
38.Bd4f6 Qg8f7
39.Rd1d8 { resign }
1-0

[Event "Tourn. n9991"]
[Site "www.echecsemail.com"]
[Date "2018.11.05"]
[Round "1"]
[White "Bojan"]
[Black "Fantomas"]
[WhiteElo "2020"]
[BlackElo "2160"]
[Result "0-1"]
[Round "1"]
1.e4 e5
2.Ng1f3 Nb8c6
3.Bf1b5 a6
4.Bb5a4 Bf8c5
5.c3 b5
6.Ba4b3 d6
7.d3 h6
8.h3 Ng8f6
9.Nf3h2 Nc6e7
10.Nb1d2 Ne7g6
11.Nd2f3 Qd8e7
12.Bc1d2 O-O
13.a4 Bc8b7
14.axb5 axb5
15.c4 bxc4
16.Bb3xc4 Ra8xa1
17.Qd1xa1 Rf8a8
18.Qa1b1 Qe7d7
19.b4 Bc5b6
20.O-O Nf6h5
21.Nh2g4 Ng6f4
22.Kh2 Kh7
23.g3 Nf4g6
24.Nf3h4 Ng6xh4
25.gxh4 f5
26.exf5 Qd7xf5
27.Bd2e3 Qf5f3
28.Rf1g1 Bb6xe3
29.d4 Bb7e4
30.Bc4d3 Be3f4
{ resign }
0-1

[Event "Tourn. n9915"]
[Site "www.echecsemail.com"]
[Date "2018.11.05"]
[Round "1"]
[White "Cal"]
[Black "Passaroa25"]
[WhiteElo "1690"]
[BlackElo "1650"]
[Result "1-0"]
[Round "1"]
1.e4 Nb8c6
2.Ng1f3 d6
3.a3 Bc8e6
4.Nb1c3 f6
5.h3 Be6f7
6.Bf1b5 a6
7.Bb5xc6 bxc6
8.b4 e5
9.d3 Ng8e7
10.Bc1e3 Ne7g6
11.O-O Bf8e7
12.Nc3e2 O-O
13.c4 c5
14.bxc5 dxc5
15.Ne2g3 Be7d6
16.Ng3f5 Bf7e8
17.Nf3h2 Ng6e7
18.f4 Ne7g6
19.a4 Be8c6
20.Rf1f3 a5
21.Rf3g3 exf4
22.Rg3g4 fxe3
23.Nf5xe3 Ng6f4
24.Ne3f5 g5
25.Nh2f3 Rf8f7
26.h4 Bd6e5
27.Nf5h6 Kf8
28.Nh6xf7 Kxf7
29.hxg5 Bc6d7
30.Ra1b1 Bd7xg4
31.Nf3xe5 fxe5
32.Qd1xg4 Nf4xd3
33.Rb1f1 Ke7
34.Rf1f6 Qd8d7
35.Rf6f7 Kxf7
36.Qg4xd7 Kg6
37.Qd7c6 Kxg5
38.Qc6xa8 Kf4
39.Qa8xa5 Kxe4
40.Qa5xc7 Kd4
41.a5 Kxc4
42.Qc7xh7 Kd4
43.a6 c4
44.Kf1 c3
45.a7 c2
46.Qh7h4 Nd3f4
47.Qh4e1 Nf4d3
48.Qe1d2 c1Q
49.Qd2xc1 Nd3xc1
50.a8Q e4
51.Qa8d8 Kc3
52.Qd8d1 Nc1b3
53.Ke2 Nb3d4
54.Ke3 Nd4f3
55.gxf3 exf3
56.Kxf3 Kc4
57.Ke4 Kb4
58.Qd1c2 { resign }
1-0

[Event "Match"]
[Site "www.echecsemail.com"]
[Date "2018.11.05"]
[Round "1"]
[White "Apdash"]
[Black "Chapi"]
[WhiteElo "2330"]
[BlackElo "2010"]
[Result "1-0"]
[Round "1"]
1.e4 c5
2.Ng1f3 g6
3.d4 Bf8g7
4.Bf1c4 Ng8f6
5.e5 Nf6g4
6.Nf3g5 d5
7.exd6 exd6
8.Bc4xf7 Kf8
9.Qd1f3 Bg7f6
10.Ng5e6 Bc8xe6
11.Bf7xe6 Nb8c6
12.Be6xg4 Nc6xd4
13.Qf3d3 Qd8e7
14.Bc1e3 Ra8e8
15.O-O h5
16.Bg4h3 Kg7
17.Nb1c3 Bf6e5
18.f4 Be5f6
19.Nc3d5 Qe7d8
20.Nd5xf6 Kxf6
21.f5 g5
22.Be3xd4 cxd4
23.Qd3xd4 Re8e5
24.g4 hxg4
25.Bh3xg4 Rh8h4
26.h3 Qd8e7
27.Ra1e1 Kf7
28.f6 Qe7e8
29.Re1xe5 dxe5
30.Qd4d5 Kg6
31.f7 Qe8f8
32.Qd5e6 Kg7
33.Qe6f6 { resign }
1-0

[Event "Match"]
[Site "www.echecsemail.com"]
[Date "2018.11.05"]
[Round "1"]
[White "Paco"]
[Black "Roque1"]
[WhiteElo "1950"]
[BlackElo "1760"]
[Result "0-1"]
[Round "1"]
1.e4 e5
2.Ng1f3 Nb8c6
3.Bf1c4 Ng8f6
4.Nf3g5 d5
5.Bc4b3 Nf6xe4
6.Ng5xe4 dxe4
7.Qd1h5 g6
8.Qh5e2 Bf8g7
9.Qe2xe4 Bc8f5
10.Qe4c4 Qd8d7
11.O-O O-O-O
12.Nb1c3 Bf5e6
13.Qc4e2 Nc6d4
14.Qe2d3 Be6f5
15.Qd3c4 Nd4xc2
16.Bb3xc2 Bf5xc2
17.Nc3b5 Bc2d3
18.Nb5xa7 Kb8
19.Na7c6 Qd7xc6
20.Qc4xc6 bxc6
21.a4 Bd3xf1
22.Kxf1 Rd8d3
23.a5 Ka7
24.Ke2 e4
25.Ra1a4 f5
26.Ra4c4 Kb7
27.f3 Rh8d8
28.fxe4 Bg7xb2
29.Rc4b4 Ka6
30.Rb4xb2 fxe4
31.Rb2c2 Kb5
32.Rc2a2 Rd8d4
33.a6 Rd4a4
34.Ra2xa4 Kxa4
35.a7 Rd3d8
36.Bc1b2 c5
37.Bb2e5 Rd8a8
38.Be5xc7 Kb5
39.Ke3 Ra8xa7
40.Bc7f4 Ra7a1
41.Kxe4 Kc4
42.d3 Kb5
43.g4 Ra1a4
44.Ke5 Ra4d4
45.Bf4h6 Rd4xd3
46.Ke4 Rd3d4
47.Kf3 c4
48.Ke3 Rd4d7
49.Ke4 c3
50.Ke5 c2
51.Ke6 Rd7d1
52.Kf7 Rd1h1
53.Kg7 Rh1xh2
54.Bh6f4 Rh2h4
55.Bf4e3 Rh4xg4
{ resign }
0-1

[Event "Match"]
[Site "www.echecsemail.com"]
[Date "2018.11.05"]
[Round "1"]
[White "Darknight"]
[Black "Llord"]
[WhiteElo "1930"]
[BlackElo "1930"]
[Result "0-1"]
[Round "1"]
1.e4 e5
2.Bf1c4 Ng8f6
3.d3 Bf8c5
4.h3 O-O
5.Bc1g5 h6
6.h4 Bc5e7
7.g4 d6
8.f3 Nf6h7
9.Bg5xe7 Qd8xe7
10.Nb1d2 Qe7f6
11.Qd1e2 Nb8c6
12.c3 a6
13.a3 b5
14.Bc4d5 Bc8b7
15.O-O-O Ra8b8
16.g5 hxg5
17.hxg5 Nh7xg5
18.Ng1h3 Nc6e7
19.Nh3xg5 Ne7xd5
20.Ng5h7 Qf6g6
21.Rd1g1 Nd5f4
22.Qe2f1 Qg6e6
23.Rh1h2 d5
24.Rg1h1 f6
25.Kb1 dxe4
26.fxe4 Rf8d8
27.d4 exd4
28.Qf1xf4 Rd8e8
29.cxd4 Bb7xe4
30.Nd2xe4 Qe6xe4
31.Qf4xe4 Re8xe4
32.d5 Re4d4
33.Rh1g1 Rb8b6
34.Rh2h6 Kf7
35.Rh6h5 Rb6d6
36.Rg1h1 Rd6xd5
37.Rh5xd5 Rd4xd5
38.Ka2 c5
39.Rh1h2 a5
40.Rh2h3 b4
41.axb4 axb4
42.Rh3h2 c4
43.Rh2h4 b3
44.Ka3 Rd5c5
45.Kb4 Rc5c8
46.Kc3 Kg6
47.Nh7xf6 gxf6
48.Rh4g4 Kf5
49.Rg4xc4 Rc8xc4
50.Kxc4 Ke4
51.Kxb3 f5
52.Kc3 Ke3
53.b4 f4
54.b5 f3
55.b6 f2
56.b7 f1Q
57.b8Q Qf1c1
58.Kb3 Qc1b1
{ resign }
0-1

[Event "Tourn. n9835"]
[Site "www.echecsemail.com"]
[Date "2018.11.05"]
[Round "1"]
[White "Ditto"]
[Black "Azulmarino"]
[WhiteElo "1820"]
[BlackElo "1650"]
[Result "1-0"]
[Round "1"]
1.e4 e5
2.Ng1f3 Nb8c6
3.Bf1b5 a6
4.Bb5a4 b5
5.Ba4b3 Bf8c5
6.d3 Ng8f6
7.Nf3g5 d5
8.exd5 Bc8g4
9.f3 Bg4h5
10.Nb1c3 h6
11.dxc6 hxg5
12.Bc1xg5 O-O
13.Qd1d2 Qd8d6
14.Bg5xf6 Qd6xf6
15.O-O-O Qf6xc6
16.Bb3d5 Qc6b6
17.Rd1e1 Bc5f2
18.Re1f1 Bf2e3
19.Bd5xa8 Be3xd2
20.Kxd2 Rf8xa8
21.Rf1e1 Qb6f2
22.Re1e2 Qf2d4
23.Re2e4 Qd4f2
24.Re4e2 Qf2d4
25.Re2e4 Qd4c5
26.Nc3d5 Qc5xd5
27.a3 Ra8d8
28.Rh1e1 f6
29.b3 Bh5g6
30.Re4e3 Qd5c5
31.b4 Qc5d4
32.g4 Qd4b2
33.h4 Bg6xd3
34.Re3xd3 Rd8c8
35.Rd3c3 Rc8d8
36.Rc3d3 Rd8e8
37.h5 Re8f8
38.Re1e4 f5
39.gxf5 Rf8xf5
40.Re4h4 Rf5f6
41.Rh4g4 Qb2b1
42.Rd3d8 Kh7
43.Rd8d7 Rf6d6
44.Rd7xd6 cxd6
45.Rg4g6 Qb1h1
46.Ke3 Qh1xh5
47.Rg6xd6 Qh5g5
48.Ke4 Qg5f4
49.Kd5 Qf4xf3
50.Kxe5 g5
51.Rd6xa6 Qf3e2
52.Kf6 g4
53.Ra6a7 Kh6
54.Ra7a8 Kh7
55.Ra8a7  { time }
1-0

[Event "Tourn. n9906"]
[Site "www.echecsemail.com"]
[Date "2018.11.05"]
[Round "1"]
[White "Rons"]
[Black "Numanoid"]
[WhiteElo "2620"]
[BlackElo "2540"]
[Result "1/2-1/2"]
[Round "1"]
1.e4 e6
2.d4 d5
3.Nb1c3 Ng8f6
4.e5 Nf6d7
5.f4 c5
6.Ng1f3 Nb8c6
7.Bc1e3 Bf8e7
8.Qd1d2 O-O
9.dxc5 Nd7xc5
10.O-O-O b6
11.Qd2e1 Bc8b7
12.Kb1 Ra8c8
13.f5 Qd8c7
14.Qe1g3 Nc5e4
15.Nc3xe4 dxe4
16.Be3h6 g6
17.Bh6xf8 Kxf8
18.fxe6 exf3
19.Rd1d7 Qc7b8
20.Qg3f4 f5
21.gxf3 Rc8c7
22.Bf1b5 Rc7xd7
23.exd7 Qb8xe5
24.Qf4h6 Qe5g7
25.Qh6xg7 Kxg7
26.Bb5xc6 Bb7xc6
27.Rh1d1 Be7d8
28.Rd1d6 Bc6xf3
29.Rd6e6 g5
30.Re6e8 Bd8f6
31.d8Q Bf6xd8
32.Re8xd8 f4
33.Kc1 g4
34.Kd2 Kg6
35.Rd8g8 Kf7
36.Rg8h8 Kg7
37.Rh8e8 Kg6
38.Ke1 h5
39.Kf2 Bf3d1
40.c4 h4
41.Re8g8 Kf5
42.Rg8h8 Kg5
43.Kg1 g3
44.Rh8g8 Kf5
45.b4 Bd1e2
46.c5 bxc5
47.bxc5 Be2b5
48.a3 Bb5c6
49.Rg8c8 Bc6d5
50.Rc8h8 Kg4
51.hxg3 hxg3
{ draw }
1/2-1/2

[Event "Match"]
[Site "www.echecsemail.com"]
[Date "2018.11.05"]
[Round "1"]
[White "Bjonil60"]
[Black "Sonny1000"]
[WhiteElo "1480"]
[BlackElo "1590"]
[Result "1-0"]
[Round "1"]
1.Nb1c3 c6
2.e3 e5
3.Ng1f3 f6
4.e4 Bf8b4
5.Qd1e2 Bb4xc3
6.bxc3 Qd8b6
7.Bc1a3 Qb6a5
8.Ba3b4 Qa5a6
9.c4 b5
10.cxb5 Qa6xb5
11.Qe2xb5 cxb5
12.Bf1xb5 a6
13.Bb5c4 Nb8c6
14.Bb4a3 Bc8b7
15.O-O O-O-O
16.c3 Nc6a5
17.Bc4d3 h5
18.g3 g5
19.h3 d5
20.exd5 Bb7xd5
21.Nf3e1 Ng8e7
22.Ba3xe7 Rd8d7
23.f3 Rd7xe7
24.Bd3xa6 Kd7
25.Ne1d3 Kc7
26.Nd3c5 Rh8b8
27.Ba6e2 Rb8b2
28.Rf1d1 Bd5c4
29.Be2xc4 Na5xc4
30.Nc5a6 Kb6
31.Na6b4 Kb5
32.a3 Re7a7
33.Nb4d3 Rb2b3
34.Nd3c1 Nc4b2
35.Rd1e1 Ra7d7
36.Re1e2 Nb2c4
37.Nc1xb3 Nc4b2
38.Ra1b1 Ka4
39.Nb3c5 Kxa3
40.d3 Rd7c7
41.Nc5e4 Nb2xd3
42.Rb1a1 Kb3
43.Re2d2 Nd3c5
44.Ne4xc5 Rc7xc5
45.Ra1b1 Kxc3
46.Rd2e2 Rc5d5
47.Kf2 Rd5d4
48.Ke1 Rd4d3
49.Rb1c1 Kd4
50.Rc1d1 Rd3xd1
51.Kxd1 h4
52.g4 Kd5
53.Kd2 Ke6
54.Kd3 Ke7
55.Ke4 Ke6
56.Re2d2 Kf7
57.Rd2d7 Kg6
58.Kd5 f5
59.Rd7d6 Kf7
60.gxf5 Ke8
61.f6 e4
62.Kxe4 Kf7
63.Ke5 { resign }
1-0

[Event "Match"]
[Site "www.echecsemail.com"]
[Date "2018.11.05"]
[Round "1"]
[White "Tonino1"]
[Black "Add"]
[WhiteElo "2120"]
[BlackElo "2230"]
[Result "1/2-1/2"]
[Round "1"]
1.f4 d5
2.d4 Ng8f6
3.e3 Bc8f5
4.Bf1d3 Bf5xd3
5.Qd1xd3 e6
6.Ng1f3 Nb8d7
7.O-O h6
8.Nb1d2 Bf8d6
9.Nf3e5 O-O
10.e4 dxe4
11.Nd2xe4 Nf6xe4
12.Qd3xe4 c6
13.c3 Nd7f6
14.Qe4f3 Nf6d5
15.Qf3g3 f5
16.Rf1e1 Nd5f6
17.Ne5g6 Nf6e4
18.Re1xe4 fxe4
19.Ng6xf8 Qd8xf8
20.Qg3g6 Qf8f5
21.Qg6xf5 exf5
22.Bc1e3 b6
23.Ra1d1 Bd6e7
24.c4 Ra8d8
25.b3 Be7f6
26.h3 g5
27.g3 Kf7
28.Kf2 Kg6
29.Kg2 c5
30.d5 Rd8d6
31.Be3f2 { draw }
1/2-1/2

[Event "1/128 Finale"]
[Site "www.chess-mail.com"]
[Date "2018.11.05"]
[Round "1"]
[White "Bojan"]
[Black "Erno"]
[WhiteElo "2020"]
[BlackElo "1349"]
[Result "0-1"]
[Round "1"]
1.e4 e5
2.Ng1f3 Ng8f6
3.Bf1c4 Nf6xe4
4.Qd1e2 d5
5.Bc4d3 Bf8d6
6.Bd3xe4 dxe4
7.Qe2xe4 Nb8c6
8.c3 f5
9.Qe4e2 O-O
10.h3 e4
11.Nf3h2 Nc6e5
12.O-O Ne5d3
13.Nb1a3 Qd8g5
14.Rf1d1 Nd3f4
15.Qe2f1 Nf4xh3
16.Kh1 Qg5f4
17.g3 Nh3xf2
{ resign }
0-1

[Event "Match"]
[Site "www.echecsemail.com"]
[Date "2018.11.06"]
[Round "1"]
[White "Karlgrocer"]
[Black "Zack1984"]
[WhiteElo "1930"]
[BlackElo "1370"]
[Result "0-1"]
[Round "1"]
1.d4 Ng8f6
2.Ng1f3 g6
3.e3 Bf8g7
4.Bf1e2 O-O
5.O-O d5
6.Nb1d2 Nb8d7
7.c4 c5
8.dxc5 Nd7xc5
9.Nd2b3 Nc5e4
10.cxd5 Nf6xd5
11.Nf3d4 e5
12.Nd4f3 b6
13.Nb3d2 Ne4c5
14.Nd2b3 Nc5e6
15.Bc1d2 Bc8b7
16.Nf3e1 a5
17.Ra1b1 Qd8e7
18.Be2f3 Rf8d8
19.Qd1e2 Bb7a6
20.Ne1d3 f5
21.e4 Nd5f4
22.Nd3xf4 Ba6xe2
23.Bf3xe2 Ne6xf4
24.Bd2xf4 exf4
25.Be2c4 Kh8
26.exf5 f3
27.gxf3 Qe7g5
28.Kh1 Qg5xf5
29.Kg2 Qf5g5
30.Kh1 Qg5f4
31.Bc4e2 Bg7e5
{ resign }
0-1

[Event "Match"]
[Site "www.echecsemail.com"]
[Date "2018.11.06"]
[Round "1"]
[White "Dussek"]
[Black "Apdash"]
[WhiteElo "1870"]
[BlackElo "2260"]
[Result "0-1"]
[Round "1"]
1.Ng1f3 d5
2.g3 Nb8c6
3.Bf1g2 e5
4.d4 e4
5.Nf3g5 Bf8e7
6.Ng5h3 Ng8f6
7.O-O Nf6g4
8.f3 Ng4f6
9.Nb1c3 exf3
10.Bg2xf3 Bc8xh3
11.Rf1f2 O-O
12.e4 dxe4
13.Nc3xe4 Nc6xd4
14.Ne4xf6 Be7xf6
15.Bf3xb7 Ra8b8
16.Bb7h1 Qd8e7
17.c3 Rf8d8
18.Bc1d2 Rb8xb2
19.cxd4 Bf6xd4
{ resign }
0-1

[Event "Match"]
[Site "www.echecsemail.com"]
[Date "2018.11.06"]
[Round "1"]
[White "Chapi"]
[Black "Tonino1"]
[WhiteElo "2010"]
[BlackElo "2120"]
[Result "1-0"]
[Round "1"]
1.d4 d6
2.c4 Ng8f6
3.Nb1c3 g6
4.Ng1f3 Bf8g7
5.e4 c6
6.Bf1e2 O-O
7.O-O Qd8c7
8.Bc1f4 Nf6h5
9.Bf4e3 e5
10.d5 a6
11.Nf3g5 Nh5f4
12.Be2g4 h6
13.Be3xf4 exf4
14.Ng5h3 g5
15.g3 fxg3
16.fxg3 c5
17.Bg4f5 Bg7d4
18.Kh1 Bc8xf5
19.Rf1xf5 f6
20.Qd1h5 Kg7
21.Nc3e2 Bd4xb2
22.Ne2f4 gxf4
23.Nh3xf4 Qc7f7
24.Nf4e6 Kh7
25.Ne6xf8 Qf7xf8
26.Ra1b1 Bb2e5
27.Rb1xb7 Kh8
28.Qh5g6 Qf8g8
29.Qg6xh6 { resign }
1-0

[Event "Tourn. n9985"]
[Site "www.echecsemail.com"]
[Date "2018.11.06"]
[Round "1"]
[White "Mitja"]
[Black "Malbertan"]
[WhiteElo "1920"]
[BlackElo "1950"]
[Result "1-0"]
[Round "1"]
1.d4 f5
2.e3 Ng8f6
3.c3 d6
4.Ng1f3 Nb8d7
5.b3 e5
6.dxe5 dxe5
7.Bc1b2 Bf8d6
8.Bf1e2 O-O
9.Nb1d2 e4
10.Nf3d4 Nd7e5
11.h3 Qd8e8
12.c4 Nf6d7
13.Nd4b5 Bd6c5
14.Nb5xc7 Qe8g6
15.Nc7xa8 Qg6xg2
16.Rh1f1 Qg2xh3
17.Na8c7 Ne5g4
18.Nc7e6 Bc5xe3
19.Be2xg4 Be3xd2
20.Qd1xd2 { resign }
1-0

[Event "Match"]
[Site "www.echecsemail.com"]
[Date "2018.11.06"]
[Round "1"]
[White "Apdash"]
[Black "Luzhin"]
[WhiteElo "2260"]
[BlackElo "2500"]
[Result "0-1"]
[Round "1"]
1.e4 e5
2.Ng1f3 Nb8c6
3.d4 exd4
4.Nf3xd4 Bf8c5
5.Bc1e3 Qd8f6
6.c3 Ng8e7
7.Bf1c4 d6
8.a3 Qf6g6
9.Nb1d2 Qg6xg2
10.Qd1f3 Qg2xf3
11.Nd2xf3 Bc8g4
12.Kd2 O-O
13.Ra1g1 Bg4h5
14.Nd4xc6 Ne7xc6
15.Be3h6 Bh5xf3
16.Bh6xg7 h5
17.Bg7f6 Kh7
18.Rg1g7 Kh6
19.Rh1g1 Nc6e5
20.Bf6xe5 dxe5
21.Bc4xf7 Bf3xe4
22.Bf7d5 Ra8d8
23.c4 Bc5xf2
24.Rg1g5 Bf2h4
{ resign }
0-1